100 công thức pha trộn thức ăn nuôi heo gia đình
保存先:
| 第一著者: | |
|---|---|
| フォーマット: | 図書 |
| 言語: | Undetermined |
| 出版事項: |
Tp. Hồ Chí Minh
Tp. HCM
2003
|
| 主題: | |
| タグ: |
タグ追加
タグなし, このレコードへの初めてのタグを付けませんか!
|
| Thư viện lưu trữ: | Trung tâm Học liệu Trường Đại học Cần Thơ |
|---|
| LEADER | 00562nam a2200205Ia 4500 | ||
|---|---|---|---|
| 001 | CTU_65084 | ||
| 008 | 210402s9999 xx 000 0 und d | ||
| 020 | |b 18000 | ||
| 082 | |a 636.4085 | ||
| 082 | |b N312 | ||
| 100 | |a Võ Văn Ninh | ||
| 245 | 0 | |a 100 công thức pha trộn thức ăn nuôi heo gia đình | |
| 245 | 0 | |c Võ Văn Ninh | |
| 260 | |a Tp. Hồ Chí Minh | ||
| 260 | |b Tp. HCM | ||
| 260 | |c 2003 | ||
| 650 | |a swine | ||
| 650 | |x feeding and feeds | ||
| 904 | |i Minh | ||
| 980 | |a Trung tâm Học liệu Trường Đại học Cần Thơ | ||